000 00327nam a22001457a 4500
008 210310b ||||| |||| 00| 0 eng d
020 _a0721690297
041 _aeng
080 _22nd
_a573
082 _a573
100 _a11
101 _aBIO
245 _aBiological Principles and Progesses
_cVillee,A.C
942 _2udc
_cBK
999 _c56205
_d56205